| 000 | 01113nam0a22002891 4500 | ||
|---|---|---|---|
| 001 | rc\259543 | ||
| 005 | 20250621024811.0 | ||
| 010 |
_a5-658-00339-3 _918000 |
||
| 035 | _a(NLR Aleph) 005532656 | ||
| 090 |
_a5625912 _c5625912 |
||
| 100 | _a20030307d1990 |||y0rusy50 ca | ||
| 101 | 0 | _arus | |
| 102 | _aRU | ||
| 105 | _aa ||||||||| | ||
| 200 | 1 |
_aРусский язык _eУчеб. для детей 2-го кл. кирг. шк., обучающихся с шестилет. возраста _fМ.С. Абайдулова, Х.Б. Бугазов, П.И. Харакоз |
|
| 205 | _a2-е изд. | ||
| 210 |
_aФрунзе _cМектеп _d1990 |
||
| 215 |
_a157, [2] с. _cил. _d22 _eПрил. (1 л. алфавита) |
||
| 300 | _aНа пер. авт. не указаны | ||
| 700 | 1 |
_aАбайдулова _bМ.С. _gМинджихан Саматовна |
|
| 701 | 1 |
_aБугазов _bХ.Б. _gХусаин Бугазович |
|
| 701 | 1 |
_aХаракоз _bП.И. _gПетр Иванович |
|
| 801 | 0 |
_aRU _bNLR _gpsbo |
|
| 801 | 1 |
_aRU _bELAR _2rusmarc |
|
| 852 |
_aNLR _j90-5/2713 |
||
| 942 | _cBOOK | ||
| 980 | _aNB | ||